Omeškanie dlžníka so splnením peňažného záväzku po novele Obchodného zákonníka

Rozbor novej právnej úpravy omeškania dlžníka s plnením peňažného záväzku po novele Obchodného zákonníka uskutočnenej zákonom č. 530/2003 Z.z.

Gespeichert in:
Bibliographische Detailangaben
1. Verfasser: Ovečková, Oľga
Format: Buchkapitel
Sprache:Slowakisch
Schlagworte:
Tags: Tag hinzufügen
Keine Tags, Fügen Sie das erste Tag hinzu!

MARC

LEADER 00000naa$a2200000$$$4500
001 0007535
005 20231102091411.7
041 0 |a slo 
044 |a SK 
245 1 0 |a Omeškanie dlžníka so splnením peňažného záväzku po novele Obchodného zákonníka  |c aut. Oľga Ovečková 
520 |a Rozbor novej právnej úpravy omeškania dlžníka s plnením peňažného záväzku po novele Obchodného zákonníka uskutočnenej zákonom č. 530/2003 Z.z. 
610 2 0 |a úpravy právne 
610 2 0 |a zákonník obchodný 
610 2 0 |a novelizácia 
610 2 0 |a dlžníci 
610 2 0 |a záväzky 
610 2 0 |a zákony 
610 2 0 |a Slovensko 
100 1 |a Ovečková, Oľga